Southville International School and Colleges
Your cart is empty.
  • Cart
  • Lists
    Public lists Eva Luna New books Lux_list list_1
    Your lists Log in to create your own lists
  • Log in to your account
  • Your cookies
  • Search history
Southville International School and Colleges
  • Advanced search
  • Recent comments
  • Most popular
  • Libraries

Log in to your account

Log in with GOOGLE


If you do not have an external account, but do have a local account, you can still log in:

  1. Home
  2. MARC view: Manila portfolio /
Normal view MARC view ISBD view

Manila portfolio / (Record no. 292352)

[ view plain ]
MARC details
000 -LEADER
fixed length control field 00730nam a2200217Ia 4500
008 - FIXED-LENGTH DATA ELEMENTS--GENERAL INFORMATION
fixed length control field 160319s9999 xx 000 0 und d
050 ## - LIBRARY OF CONGRESS CALL NUMBER
Classification number Fil 760
050 ## - LIBRARY OF CONGRESS CALL NUMBER
Item number M278 1982
245 ## - TITLE STATEMENT
Title Manila portfolio /
245 ## - TITLE STATEMENT
Statement of responsibility, etc edited and produced by Tourist Research and Planning.
260 ## - PUBLICATION, DISTRIBUTION, ETC. (IMPRINT)
Name of publisher, distributor, etc Tourist Research & Plannning
260 ## - PUBLICATION, DISTRIBUTION, ETC. (IMPRINT)
Date of publication, distribution, etc 1982
300 ## - PHYSICAL DESCRIPTION
Extent 44 pages :
300 ## - PHYSICAL DESCRIPTION
Other physical details chiefly col. illustrations ;
300 ## - PHYSICAL DESCRIPTION
Dimensions 21 cm.
300 ## - PHYSICAL DESCRIPTION
Accompanying material handbook
500 ## - GENERAL NOTE
General note Suppl. has title : Manila handbook. c1978. ; With folded map and postcards.
650 ## - SUBJECT ADDED ENTRY--TOPICAL TERM
Topical term or geographic name as entry element Manila -- Description and travel -- Guide-books.
700 ## - ADDED ENTRY--PERSONAL NAME
Personal name Manila handbook., added title.
700 ## - ADDED ENTRY--PERSONAL NAME
Personal name Tourist Research and Planning Ltd., corporate author.
Holdings
Withdrawn status Lost status Damaged status Home library Current library Shelving location Date acquired Total Checkouts Full call number Barcode Date last seen Price effective from Koha item type
      Stonyhurst Southville International School (Batangas) Stonyhurst Southville International School (Batangas) Filipiniana Section 03/19/2016   Fil 760 M278 1982 LS-3157 03/19/2016 03/19/2016 Books

Manila portfolio /

APA

Manila handbook, Tourist Research and Planning Ltd, .Manila portfolio. : Tourist Research & Plannning.

Chicago

Manila handbook, Tourist Research and Planning Ltd, .Manila portfolio. : Tourist Research & Plannning.

Harvard

Manila handbook, Tourist Research and Planning Ltd, .Manila portfolio. : Tourist Research & Plannning.

MLA

Manila handbook, Tourist Research and Planning Ltd, .: Tourist Research & Plannning. .

  • Place hold
  • Print
  • Cite
  • Add to your cart (remove)
  • Save record
    BIBTEX Dublin Core MARCXML MARC (non-Unicode/MARC-8) MARC (Unicode/UTF-8) MARC (Unicode/UTF-8, Standard) MODS (XML) RIS
  • More searches
    Search for this title in:
    Other Libraries (WorldCat) Other Databases (Google Scholar) Online Stores (Bookfinder.com) Open Library (openlibrary.org)

Exporting to Dublin Core...

SOUTHVILLE LIBRARY

Southville International School and Colleges Library

1281 Tropical Ave. Cor. Luxembourg St., BF Homes International, Las Pinas City

Tel. No. 8256374 / 252358 Loc. 117/146

Powered by Koha